000 00515nam a2200169 a 4500
001 000040962
003 OSt
005 20201113092322.0
008 130912s2007 dr acd 000 0 spa d
040 _aDO-SdBNP
_bspa
_cBNPHU
110 2 _aAsociación para el Desarrollo
_967393
245 1 0 _aMemoria anual 2006 /.
260 _aSantiago de los Caballeros, República Dominicana :
_bAsociación para el Desarrollo,
_c2007.
300 _a66 p. :
_bil., gráf., retrs. ;
_c9 cm.
910 _aVMateo
942 _2ddc
_cLBS1
999 _c40452
_d40452